000 00290nam a22001337a 4500
020 _a07-984396-6
082 _a530 BOL
100 _aBOLTON, W
_9716
245 _aPATTERNS IN PHYSICS
260 _aNEWYORK
_bMCGRAW HILL
_c1974
300 _a427P
650 _aPHYSICS
_910791
942 _cBK
999 _c583688
_d583688